| 000 | 00348nam a2200145 4500 | ||
|---|---|---|---|
| 020 | _a978-968-18-0973-7 | ||
| 050 | _aTK146 M5518 2014 | ||
| 082 | _a537 M396e 2014 | ||
| 100 | _aMileaf, Harry | ||
| 245 | _aElectricidad 1-7 / Harry Mileaf | ||
| 250 | _a1 | ||
| 260 | _aMéxico : Limusa | ||
| 300 | _a950p. il. / 23cm. | ||
| 650 | _a1. ELECTRICIDAD | ||
| 999 |
_c28444 _d28444 |
||